Baldwin/Guggisberg (Record no. 10936)

MARC details
000 -CABECERA
campo de control de longitud fija 01446nam a22003497a 4500
001 - NÚMERO DE CONTROL
campo de control BRCA_9314
003 - IDENTIFICADOR DEL NÚMERO DE CONTROL
campo de control FranzMayer
005 - FECHA Y HORA DE LA ÚLTIMA TRANSACCIÓN
campo de control 20230918115513.0
008 - DATOS DE LONGITUD FIJA--INFORMACIÓN GENERAL
campo de control de longitud fija 230816b |||||||| |||| 00| 0 eng d
020 ## - NÚMERO INTERNACIONAL ESTÁNDAR DEL LIBRO
Número Internacional Estándar del Libro 9788874396153
040 ## - FUENTE DE LA CATALOGACIÓN
Centro catalogador/agencia de origen MFM
Lengua de catalogación español
Centro/agencia transcriptor MFM
050 #0 - SIGNATURA TOPOGRÁFICA DE LA BIBLIOTECA DEL CONGRESO
Número de clasificación NK5100.I8
Número de documento/Ítem A75 2011
110 1# - ENTRADA PRINCIPAL--NOMBRE DE ENTIDAD CORPORATIVA
Código de función/relación Responsable
Nombre de entidad corporativa o nombre de jurisdicción como elemento de entrada Museo Ariana, Génova
9 (RLIN) 29040
240 ## - TÍTULO UNIFORME
Título uniforme Baldwin/Guggisberg
Medio Au-dela du verre/Beyond Glass
Lenguaje de la obra French/English
245 0# - MENCIÓN DE TÍTULO
Título Baldwin/Guggisberg
Resto del título Au-dela du verre/Beyond Glass
260 ## - PUBLICACIÓN, DISTRIBUCIÓN, ETC.
Lugar de publicación, distribución, etc. Italia
Nombre del editor, distribuidor, etc. Grafiche Flaminia, Foligno
Fecha de publicación, distribución, etc. 2011
300 ## - DESCRIPCIÓN FÍSICA
Extensión 192 p
Otras características físicas Ilustraciones a color
Dimensiones 25 cm
500 ## - NOTA GENERAL
Nota general Anexo 1
505 ## - NOTA DE CONTENIDO CON FORMATO
Nota de contenido con formato Texto en: frunces e inglés Incluye índice temático Incluye bibliografía (176-187 pp.)Dirigido a: Artistas, expertos en arte, decoradores, museógrafos.
650 1# - PUNTO DE ACCESO ADICIONAL DE MATERIA--TÉRMINO DE MATERIA
Fuente del encabezamiento o término Artes decorativas
Término de materia o nombre geográfico como elemento de entrada Artes aplicadas
Subdivisión de forma Decoración y ornamentación
9 (RLIN) 29041
651 2# - PUNTO DE ACCESO ADICIONAL DE MATERIA--NOMBRE GEOGRÁFICO
Fuente del encabezamiento o término Otras artes y artes industriales
Nombre geográfico Viderio
Subdivisión de forma Exhibiciones en Italia
9 (RLIN) 29042
700 1# - PUNTO DE ACCESO ADICIONAL--NOMBRE DE PERSONA
Código de función/relación Dir.
Nombre de persona Naef Galuba, Isabelle
9 (RLIN) 29043
700 1# - PUNTO DE ACCESO ADICIONAL--NOMBRE DE PERSONA
Código de función/relación Coord.
Nombre de persona Guggisberg, Monica
9 (RLIN) 29044
700 1# - PUNTO DE ACCESO ADICIONAL--NOMBRE DE PERSONA
Código de función/relación Coord.
Nombre de persona Baldwin, Philip
9 (RLIN) 29045
700 1# - PUNTO DE ACCESO ADICIONAL--NOMBRE DE PERSONA
Código de función/relación Trad.
Nombre de persona Baldwin, Naja
9 (RLIN) 29046
700 1# - PUNTO DE ACCESO ADICIONAL--NOMBRE DE PERSONA
Código de función/relación Trad.
Nombre de persona Fiette, Deborah
9 (RLIN) 29047
700 1# - PUNTO DE ACCESO ADICIONAL--NOMBRE DE PERSONA
Código de función/relación Trad.
Nombre de persona Molina, Rosa
9 (RLIN) 29048
700 1# - PUNTO DE ACCESO ADICIONAL--NOMBRE DE PERSONA
Código de función/relación Trad.
Nombre de persona Senger, Francoise
9 (RLIN) 29049
700 1# - PUNTO DE ACCESO ADICIONAL--NOMBRE DE PERSONA
Código de función/relación Trad.
Nombre de persona Siebenthal de, Catherine
9 (RLIN) 29050
700 1# - PUNTO DE ACCESO ADICIONAL--NOMBRE DE PERSONA
Código de función/relación Fot.
Nombre de persona Yverdor, Christoph Lehmann
9 (RLIN) 29051
942 ## - ELEMENTOS DE PUNTO DE ACCESO ADICIONAL (KOHA)
Fuente del sistema de clasificación o colocación Library of Congress Classification
Tipo de ítem Koha Libros
Holdings
Estado de retiro Estado de pérdida Fuente del sistema de clasificación o colocación Estado dañado No para préstamo Código de colección Localización permanente Ubicación/localización actual Fecha de adquisición Fuente de adquisición Total de préstamos Signatura topográfica completa Código de barras Fecha visto por última vez Precio válido a partir de Tipo de ítem Koha
El ejemplar forma parte de la colección y puede ser consultado según las políticas vigentes.   Library of Congress Classification     Fondo Contemporáneo Biblioteca del Museo Franz Mayer (Rogerio Casas-Alatriste) Biblioteca del Museo Franz Mayer (Rogerio Casas-Alatriste) 16/08/2023 Donación   NK5100.I8 A75 2011 CONT10070 16/08/2023 16/08/2023 Libros